Labour Market Impacts of Post-enlargement Migration on Hosts and Stayers in EU Labour Market

Inštitucionálna podpora voľného pohybu osôb v EÚ. Rozsah a zloženie pracovnej sily po rozšírení EÚ v r. 2004. Dopady migrácie na prijímací a vysielajúci pracovný trh.

Salvato in:
Dettagli Bibliografici
Autore principale: Kahanec, Martin, 1977-
Natura: Capitolo di libro
Lingua:inglese
Soggetti:
Tags: Aggiungi Tag
Nessun Tag, puoi essere il primo ad aggiungerne!!

MARC

LEADER 00000naa a2200000 4500
001 0217130
005 20250212091046.6
041 0 |a eng 
044 |a GB 
245 1 0 |a Labour Market Impacts of Post-enlargement Migration on Hosts and Stayers in EU Labour Market  |c Martin Kahanec 
520 |a Inštitucionálna podpora voľného pohybu osôb v EÚ. Rozsah a zloženie pracovnej sily po rozšírení EÚ v r. 2004. Dopady migrácie na prijímací a vysielajúci pracovný trh. 
610 2 0 |a sily pracovné 
610 2 0 |a pohyb síl pracovných medzinárodný 
610 2 0 |a migrácia 
610 2 0 |a trh práce 
100 1 |a Kahanec, Martin, 1977-